000 00913nam a2200229Ia 4500
008 0000002014 usa 0000000000eng00
020 _a9780897974646
090 _aPUS00 D27v4
100 1 _aDesiderio, Vincent
_d1955
245 1 0 _aVincent Desiderio
_b: recent paintings
_c/ Vincent Desiderio
300 _a[26] p.
_c/ 24 cm.
500 _aExposición realizada en Marlborough Gallery de New York entre el 8 de enero y el 8 de febrero de 2014 \ Incluye datos biográficos y cronología artística \ Texto en inglés
600 0 0 _a DESIDERIO, VINCENT, 1955/
_xTRABAJOS PICTORICOS
650 1 4 _a PINTURA ESTADOUNIDENSE
650 1 4 _aARTE CONTEMPORANEO ESTADOUNIDENSE
650 1 4 _xCATALOGOS
650 1 4 _xEXPOSICIONES
650 1 4 _aFIGURA HUMANA EN EL ARTE
650 1 4 _aPINTORES ESTADOUNIDENSES
650 1 4 _aPINTURA MODERNA ESTADOUNIDENSE
999 _c15928
_d15928
260 _aNew York : Marlborough
_c2014